000 00550cam a2200217ua 4500
001 7523
005 20260515114226.0
008 141212n ii |||gr||||Z||||||ben
020 _a817201113X
040 _cMAIN
041 _aben
082 _a891.443
100 _aBhattacharya, L.,
_eTranslator.
245 1 _aShabda
_cTranslated by Lokenath Bhattacharya
250 _a1st.
260 _aNew Delhi:
_bSahitya akademi,
_c1991.
300 _a194p.
653 _aEast Indo-European & Celtic literatures
653 _aBengali novels
942 _cBK
999 _c6641
_d6641